Libido y sociedad: estudios sobre Freud y la izquierda freudiana
Sparad:
| Huvudupphovsman: | |
|---|---|
| Materialtyp: | Text |
| Publicerad: |
México, D.F:
Siglo XXI
|
| Taggar: |
Lägg till en tagg
Inga taggar, Lägg till första taggen!
|
MARC
| LEADER | 00000 a a2200000 04500 | ||
|---|---|---|---|
| 001 | 25796 | ||
| 003 | |||
| 040 | |||
| 020 | |a 968-23-1136-5 | ||
| 090 | |a 174103 | ||
| 100 | |a Dahmer, Helmut | ||
| 245 | |a Libido y sociedad: estudios sobre Freud y la izquierda freudiana | ||
| 260 | |a México, D.F: |b Siglo XXI | ||
| 300 | |a 295 p | ||
| 999 | |c 5304 |d 5304 | ||



